[Event "Niederoesterreich Landesliga 0405"]
[Site "Austria"]
[Date "2005.01.23"]
[Round "7"]
[White "Goebert, Kurt"]
[Black "Bechmann, Gerhard"]
[Result "1/2-1/2"]
[WhiteElo "1989"]
[BlackElo "2065"]
[PlyCount "84"]
[EventDate "2004.09.19"]
[EventType "team-tourn"]
[EventRounds "11"]
[EventCountry "AUT"]
[SourceTitle "EXT 2022"]
[Source "ChessBase"]
[SourceDate "2021.10.06"]
[SourceVersion "1"]
[SourceVersionDate "2021.10.06"]
[SourceQuality "1"]

1. e4 g6 2. Nc3 Bg7 3. g3 c6 4. Bg2 e5 5. d3 Ne7 6. f4 d6 7. Nf3 0-0 8. 0-0 f5 9. fxe5 dxe5 10. Bg5 Nd7 11. exf5 gxf5 12. Qd2 Nc5 13. Rae1 Qd6 14. d4 Ne6 15. dxe5 Qxd2 16. Bxd2 Ng6 17. Nd1 Bd7 18. Nf2 Rad8 19. Nd3 c5 20. b3 Bb5 21. Bg5 Rd7 22. c4 Bc6 23. Nf4 Nxg5 24. Nxg5 Bxe5 25. Nge6 Bd4+ 26. Nxd4 cxd4 27. Nd5 Kg7 28. Rd1 b5 29. Rxd4 bxc4 30. bxc4 Ne5 31. Rfd1 Rfd8 32. Ne3 Kf6 33. Rxd7 Rxd7 34. Rxd7 Bxd7 35. Bd5 Nd3 36. a3 Ke5 37. Nc2 a5 38. Kf1 Ba4 39. Ne3 f4 40. gxf4+ Kxf4 41. Ke2 Nc1+ 42. Kd2 Nb3+ 1/2-1/2